00468 a2200157 4500003000400000005001700004008004100021020001800062040000900080082001900089100002400108245008400132250001200216260007200228300001000300OSt20240129122024.0240129b |||||||| |||| 00| 0 eng d a9788193620007 coclc a709.541bRAN/M aRandathani, Husain  aMappila Songs And Performing Arts:bGenesis and Synthesis /cHussain Randathani a1st ed. aKondotty:bMahakavi Moyinkutty Vaidyar Mappila Kala Academy,c2018. a220p.